Objetivo: Reforma rural integral en materia de tierras (Registro nro. 20878)

Detalles MARC
000 -CABECERA
Campo de control 00630nam a22002057a 4500
005 - FECHA Y HORA DE LA ULTIMA TRANSACCION
Campo de control 20200219123310.0
008 - ELEMENTOS DE LONGITUD FIJA—INFORMACION GENERAL
Campo de control 200219b xxu||||| |||| 00| 0 spa d
040 ## - FUENTE DE CATALOGACIÓN
Agencia catalogadora original CO-BoIAVH
Agencia transcriptora CO-BoIAVH
041 ## - IDIOMA
Código de idioma para texto/pista de sonido o título separado Español
044 ## - PAÍS DE PUBLICACIÓN
País de publicación Colombia
090 ## - CLASIFICACIÓN LOCAL
Colección FG
Consecutivo 0480
110 ## - ASIENTO PRINCIPAL--NOMBRE CORPORATIVO
9 (RLIN) 34970
Nombre corporativo o de jurisdicción como elemento de entrada Grupo Semillas.
245 ## - MENCION DE TITULO
Título Objetivo: Reforma rural integral en materia de tierras
Mención de responsabilidad Grupo Semillas
260 ## - PUBLICACION, DISTRIBUCION, ETC. (PIE DE IMPRENTA)
Lugar de publicación, distribución, etc. s.l:
Nombre del editor, distribuidor, etc. Grupo Semillas,
Fecha de publicación, distribución, etc. s.f.
300 ## - DESCRIPCION FISICA
Extensión Una página,
Otros detalles físicos Ilustraciones a color,
Dimensiones 29.2 x 20.5 cm
650 #0 - ASIENTO SECUNDARIO DE MATERIA - TERMINO TEMATICO
9 (RLIN) 102749
Término temático o nombre geográfico como elemento de entrada Política de tierras
650 #0 - ASIENTO SECUNDARIO DE MATERIA - TERMINO TEMATICO
9 (RLIN) 102750
Término temático o nombre geográfico como elemento de entrada Ley 160 de 1994
650 #0 - ASIENTO SECUNDARIO DE MATERIA - TERMINO TEMATICO
9 (RLIN) 18954
Término temático o nombre geográfico como elemento de entrada Reforma agraria
942 ## - ELEMENTOS ADICIONALES (KOHA)
Sistema de clasificación Local
Tipo de ítem Folleto
Existencias
Withdrawn status Lost status Sistema de Clasificación Damaged status No para préstamo Colección Ubicación Permanente Ubicación actual Fecha de adquisición Total Checkouts Número topográfico Inventario / Código de Barras Date last seen Ejemplar Price effective from Forma de adquisición Tipo de material
    Local     Hemeroteca Bogotá Bogotá 19/02/2020   FG-0480 044133 19/02/2020 Ej. 1 19/02/2020 Donación Folleto